Statistics for Harry Styles

Click here to take the quiz!

General Stats

  • This quiz has been taken 264 times
  • The average score is 14 of 15

Answer Stats

QuestionAnswer% Correct
What famous band was he in?One Direction
100%
What is the name of his sister?Gemma
99%
What was his first solo single?Sign Of The Times
98%
What is his middle name?Edward
97%
What is the name of his album?Fine Line
97%
What fashion brand is he associated with?Gucci
97%
How many nipples does Harry have?4
96%
What is the name of his mother?Anne
96%
In 2017 what movie was he in?Dunkirk
96%
What date was he born?1st February 1994
93%
What was the first band Harry was part of called?White Eskimos
93%
What was Harry's audition song?Isn't She Lovely - Stevie Wonder
90%
What are the colour of Harry's eyes?Green
89%
How many of his songs have names of fruit in the title?3
86%
Where did he grow up?Holmes Chapel
84%

Score Distribution

Percentile by Number Answered

Percent of People with Each Score

Your Score History

You have not taken this quiz